| 000 | 00000nam##2200000za#4500 |
| 001 | 9.626495 |
| 003 | CaOODSP |
| 005 | 20241210082333 |
| 007 | ta |
| 008 | 150406|2004||||xxc||||| f|0| 0 fre|d |
| 022 | |a1192-5434 |
| 040 | |aCaOODSP|bfre |
| 043 | |an-cn--- |
| 086 | 1 |aFB3-2/104-3F |
| 110 | 2 |aBanque du Canada. |
| 245 | 10|aModélisation «PAC» du secteur extérieur de l'économie américaine / |cpar Marc-André Gosselin et René Lalonde. |
| 260 | |bBanque du Canada |c2004. |
| 300 | |av, 33p. : |bgraphiques, tableaux ; |c28 cm. |
| 490 | 1 |aDocument de travail|x1192-5434|v2004-3 |
| 504 | |aBibliographie. |
| 520 | 3 |aCe document de travail s’inscrit dans une série de documents qui se penchent sur toute une gamme de questions économiques et financières susceptibles d’intéresser les banquiers, les économistes et les responsables de l’élaboration des politiques. |
| 546 | |a(Abstracts in English.) |
| 563 | |aCouverture souple |
| 590 | |a04-09|b2004-02-27 |
| 691 | 07|aÉconomie|2gcpds |
| 691 | 07|aStatistiques|2gcpds |
| 720 | 1 |aLalonde, René |
| 720 | 1 |aGosselin, Marc-André |
| 776 | 0#|tModélisation «PAC» du secteur extérieur de l'économie américaine / |w(CaOODSP)9.603805 |
| 830 | #0|aDocument de travail,|x1192-5434|v2004-3|w(CaOODSP)9.513013 |